La globalización de los "economicistas" /

Na minha lista:
Detalhes bibliográficos
Autor principal: Mires, Fernando
Formato: Texto
Assuntos:
Tags: Adicionar Tag
Sem tags, seja o primeiro a adicionar uma tag!

MARC

LEADER 00000 a a2200000 04500
001 17832
003
040
100 |a Mires, Fernando  
245 |a La globalización de los "economicistas" /  |c Fernando Mires 
650 |a TEORIA  
650 |a LIBERALIZACION DEL INTERCAMBIO  
650 |a ECONOMISTAS  
650 |a ECONOMIA  
650 |a POLITICA  
650 |a CAPITALISMO  
773 |g volumen 22, número 283; páginas 16-20  
999 |c 26674  |d 26674 
773 0 |0 42391  |9 8500  |a Agencia Latinoamericana de Información, ALAI  |d Quito, Ecuador: ALAI  |o 08304  |t ALAI:  |x 08275564 (Servicio mensual de información y documentación)